000 00712nas a2200229 4500
001 BR8905240
003 BR-BrBNA
005 20231205091741.0
007 ta
008 230509b bl.|||p| |||| 00| 00por d
040 _aBR-BrBNA
_bpor
_cBiblioteca Nacional de Agricultura
041 _a(Pt)
072 _aF03
100 1 _aOliveira, P.R.P. de
245 1 _aEsquema eletrico opcional para germinadores de sementes com alternancia automatica de luz e temperatura
650 _aSEMENTE
650 _aGERMINACAO
650 _aELETRICIDADE
773 0 _tZootecnia (Brazil)
_xISSN 0044-5320
_g(Jul-Sep 1986), v. 24(3) p. 349-361
_wBR8905240
909 _a202311
_bLúcia
_c55
_dLúcia Elande
942 _2AGRIS
_n0
_cANA
999 _c127104
_d127104